000 00746nam a2200205Ia 4500
003 GCL
008 140319s9999 xx 000 0 ara d
040 _aGCL /
_cGCL
082 0 4 _a330.121
_bس ح
100 1 _aسعيد ابوالفتوح محمد بسيونى
245 1 0 _aالحرية الاقتصادية فى الاسلام واثرها فى التنمية /
_cسعيد ابوالفتوح محمد بسيونى
260 _a[S.N] :
_bدار الوفاء للطباعة والنشر والتوزيع ،
_c1988
300 _a703 ص
490 _a
650 0 4 _aالتجارة
650 0 4 _aالاقتصاد الاسلامى
650 0 4 _aالشريعة الاسلامية
650 0 4 _aالفقه الاسلامى
942 _2ddc
_cBK
999 _c53688
_d53688